Regions: statistical yearbook 2006 data 2000-2004

Salvato in:
Dettagli Bibliografici
Enti autori: European Commission, Eurostat
Natura: Libro
Lingua:inglese
Pubblicazione: Luxembourg Office for Official Publications of the European Communities 2005
Serie:Theme: General and regional statistics
Panorama of the European Union
Soggetti:
Tags: Aggiungi Tag
Nessun Tag, puoi essere il primo ad aggiungerne!!

MARC

LEADER 00000nam$a2200000$$$4500
001 0057180
005 20240318114621.2
020 |a 92-79-01799-3 
022 |a 1681-9306 
041 0 |a eng 
044 |a LU 
245 1 0 |a Regions: statistical yearbook 2006  |b data 2000-2004 
264 1 |a Luxembourg  |b Office for Official Publications of the European Communities  |c 2005 
300 |a 165 s. 
490 1 |a Theme: General and regional statistics 
830 0 |a Theme: General and regional statistics 
490 1 |a Panorama of the European Union 
830 0 |a Panorama of the European Union 
610 2 0 |a regióny 
610 2 0 |a populácia 
610 2 0 |a poľnohospodárstvo 
610 2 0 |a produkt domáci hrubý 
610 2 0 |a trh práce 
610 2 0 |a doprava 
610 2 0 |a veda 
610 2 0 |a technológia 
610 2 0 |a inovácia 
610 2 0 |a podnikanie 
610 2 0 |a zdravotníctvo 
610 2 0 |a urbanizmus 
610 2 0 |a vzdelávanie 
610 2 0 |a doprava 
610 2 0 |a údaje štatistické 
610 2 0 |a porovnanie medzinárodné 
610 2 0 |a Európska únia 
610 2 0 |a 2000-2004 
710 2 |a European Commission 
710 2 |a Eurostat